| 000 | 01095ncm a2200385 a 4500 | ||
|---|---|---|---|
| 001 | 0038314 | ||
| 003 | DO-SdBPM | ||
| 005 | 20260312094639.0 | ||
| 007 | ta | ||
| 008 | 910607s2004 sp cda spa | ||
| 017 |
_a _b |
||
| 020 | _a9702909929 | ||
| 035 | _a | ||
| 040 |
_aDO-SdBPM _bspa _cBPMSU _e rda |
||
| 082 | 0 | 4 |
_aCu863.44 _bR763g 2004 _222 |
| 084 | _a | ||
| 084 | _a | ||
| 100 | 1 |
_a Romeu, Emma _d 1954- _4aut. _eautora |
|
| 245 | 1 | 0 |
_aGregorio y el mar / _c Emma Romeu ; ilustraciones de Oreste Suárez _h _b |
| 260 | 0 |
_a _c |
|
| 264 |
_aMéxico : _bAfaguara, _c2004 |
||
| 300 |
_a 154 páginas : _c 22 cm. |
||
| 336 |
_atexto _btxt _2rdacontent |
||
| 337 |
_asin meciación _bn _2rdamedia |
||
| 338 |
_avolumen _bnc _2rdacarrier |
||
| 490 | 0 | _aAlfaguara infantil | |
| 500 | _a | ||
| 590 | _aInventariado, 2026/VM | ||
| 650 | 7 |
_aNovelas juveniles cubanas _2 |
|
| 650 | 7 | _aNovela de aventura | |
| 650 | 7 | _aLiteratura juvenil cubana | |
| 700 | 1 |
_aRomeu, Emma _eilustraciones _d |
|
| 910 | _aVMateo V. Control de calidad. BPMSU | ||
| 942 |
_2ddc _cBK |
||
| 999 |
_c9708 _d9708 |
||